[Event "Barnaul Kura Memorial"]
[Site "Barnaul"]
[Date "2023.02.25"]
[Round "5"]
[White "Rozhdestvensky, Mikhail"]
[Black "Zherebnenko, Artem"]
[Result "0-1"]
[WhiteElo "2021"]
[BlackElo "1317"]
[PlyCount "54"]
[EventDate "2023.02.25"]
[EventType "swiss (rapid)"]
[EventRounds "11"]
[EventCountry "RUS"]
[SourceTitle "CBM 213 Extra"]
[Source "ChessBase"]
[SourceDate "2023.05.31"]
[SourceVersion "1"]
[SourceVersionDate "2023.05.31"]
[SourceQuality "1"]

1. d4 d5 2. e3 Nf6 3. Bd3 e6 4. f4 c5 5. c3 Nc6 6. Nd2 cxd4 7. exd4 Bd6 8. Nh3 Qc7 9. Qf3 Ne7 10. 0-0 0-0 11. g3 Bd7 12. Nf2 b5 13. Nb3 b4 14. Bd2 a5 15. Rfc1 Qb6 16. cxb4 axb4 17. Nc5 Rfc8 18. Be3 Bb5 19. Bb1 Nf5 20. Nfd3 Ne4 21. Nxe4 dxe4 22. Qxe4 Bc6 23. Rxc6 Qxc6 24. Qxc6 Rxc6 25. Bf2 b3 26. a3 Rc4 27. g4 Nxd4 0-1